00582nam a2200181Ia 4500003000900000008004100009020001800050040001600068080001700084100002600101245009100127260003000218300001300248650002200261942000700283999001700290952009300307IN-BaIIA211028s9999 xx 000 0 eng d a0-201-45564-1 cIIA Library a530.145bSAK aSakurai, J. J.919161 0aModern quantum mechanicscJ. J. Sakurai  aUSAbAddison-Wesleyc1994 ax, 500p. aquantum mechanics cBK c13287d13287 00104070aBANbHOScGENd0000-00-00l0o530.145/SAKp14205r2021-11-05w0000-00-00yBK